000 00666nam a2200241Ia 4500
003 OSt
005 20220926012329.0
006 a|||||r|||| 00| 0
007 ta
008 220923b |||||||| |||| 00| 0 eng d
020 _a0 521 36092 7
037 _cGeneral Book
040 _aRTL
_cRTL
_beng
041 _2eng
_aeng
082 _aH25, N4
100 _aHodge Paul
_9316187
245 0 _aMeteorite craters and impact structures of the earth
260 _aNew York
_bCambridge University Press U S A
_c1994
300 _aviii,124p.
_ccm.
650 _aGeology
_915465
942 _hH25, N4
_cGB
_2CC
999 _c622549
_d622549